| 000 | 00515nam a22001697a 4500 | ||
|---|---|---|---|
| 005 | 20251108163332.0 | ||
| 008 | 250721s9999 xx 000 0 ara d | ||
| 082 | 1 | 4 | _a131.32علي |
| 100 | 1 |
_aخليفه، علي السيد _eإعداد |
|
| 245 | 1 | 0 | _aالخجل و التشاؤم و علاجهما / |
| 264 | 1 |
_aالاسكندريه : _bالمركز العربي للنشر والتوزيع، _c[19-]. |
|
| 300 | _a60 ص | ||
| 650 | 1 | 7 | _aالتشاؤم |
| 650 | 1 | 7 | _aالخجل |
| 942 |
_2ddc _cBK |
||
| 999 |
_c118 _d118 |
||